Most Common JetPunk Answers - Countries - Statistics

General Stats
  • This quiz has been taken 87,788 times
    62,795 since last reset
  • The average score is 17 of 20
Answer Stats
# Answer % Correct
596 United States
100%
593 China
98%
563 Russia
97%
473 United Kingdom
97%
591 France
96%
457 Canada
95%
455 Brazil
94%
517 Germany
94%
423 Mexico
94%
431 Australia
92%
498 Japan
92%
470 Spain
92%
514 India
91%
503 Italy
90%
378 Egypt
78%
398 Indonesia
71%
383 Turkey
68%
356 Iran
66%
318 Greece
63%
355 Netherlands
53%
No matching quizzes found
Score Distribution
Percent of People with Each Score
Percentile by Number Answered
Your Score History
You have not taken this quiz since the last reset